• 首页
  • 本馆介绍
  • 公告通知
  • 最新文献
  • 馆藏检索
  • 电子资源
  • 读者导购
  • 参考咨询
  • 我的图书馆
  • 登录
  • 详细信息显示
  • 放入我的书架
  • 预约/预借图书
  • 作者相关作品
  • 分类相关作品
  • 丛书相关作品
  • 出版社相关作品

书目信息

  • 表格格式
  • 工作单格式
  • 卡片格式
题名:
汽车驾驶员必读
    
 
作者: ;天津市第一机械工业局 编
分册:  
出版信息: 天津   天津科学技术出版社  1981
页数: 355页
开本: 19cm
丛书名:
单 册:
中图分类: U471.3
科图分类:
主题词: 汽车-驾驶员--教材 , 驾驶员-汽车--教材
电子资源:
ISBN:
000 00682nam0 2200241 45
001 0181006645
005 20060815151042.66
010    @dCNY0.85
091    @a15121.46
100    @a19950524d1981 em y0chiy0121 ea
101 0  @achi
102    @aCN@b120000
105    @ay z 000yy
200 10 @a汽车驾驶员必读@Aqi che jia shi yuan bi du@f天津市第一机械工业局编
210    @a天津@c天津科学技术出版社@d1981
215    @a355页@d19cm
606    @a汽车-驾驶员@x教材
606    @a驾驶员-汽车@x教材
690    @aU471.3@v3
711 02 @a天津市第一机械工业局@Atian jin shi di yi ji xie gong ye ju@4编
801  2 @aCN@bNLC@c20060815
801  0 @aCN@bTSSF
905    @a10447@dU471.3@e171
    
    汽车驾驶员必读/天津市第一机械工业局编.-天津:天津科学技术出版社,1981
    355页;19cm
    
    
    ISBN :CNY0.85
    
●
相关链接 在E读中查询图书 在五车中查询图书 在当当中查询图书 在豆瓣中查询图书


正题名:汽车驾驶员必读     索取号:U471.3/171         预约/预借

序号 登录号 条形码 馆藏地/架位号 状态 备注
1 0458544   204585449   密集书库/ [索取号:U471.3/171] 在馆    
2 0458545   204585458   密集书库/ [索取号:U471.3/171] 在馆    
3 0458546   204585467   密集书库/ [索取号:U471.3/171] 在馆    
4 0458547   204585476   密集书库/ [索取号:U471.3/171] 在馆    
唐山师范学院图书馆 欢迎您!
大连网信软件有限公司© 版权所有